000 01017nam a2200277 c 4500
003 BLK
005 20180422101507.0
008 180408b bul|||||r ||||||| ||bul||
010 _aKNG00054396000
020 _a954-91247-9-7
_bиздат.: Александрова дизайн
040 _aBLK
041 _aBUL
_cBUL
080 _aБългарска литература
_b821.163.2
_x-17
_z821.163.2-17
100 1 _aТакев, Лозан Александров
_eпърви автор
_9368489
139 _aТакев, Лозан Александров
_bТ 21
245 1 0 _aТристишия за поданици
_bХа-ха-хайку-ку
_cЛозан Александров Такев.
257 _aBGR
260 София
_bАлександрова дизайн
_c2004
_fСофия : Болид
300 _a96 с.
_c22 см
380 _aX
852 _aЦб 224143
856 4 _qpdf
_u
856 4 _qpdf
_u
942 _cKNG
_n0
944 _aCR
_c15.06.2005
_kЦветанка_Енчева
944 _aED
_c01.07.2005
_k
999 _c50525
_d50525